Financial management : Theory and practice (Record no. 41865)

MARC details
000 -LEADER
fixed length control field 00358nam a2200133Ia 4500
020 ## - INTERNATIONAL STANDARD BOOK NUMBER
ISBN 007044501X
082 ## - DEWEY DECIMAL CLASSIFICATION NUMBER
Classification number 658.15
Item number CHA
100 ## - MAIN ENTRY--AUTHOR NAME
Personal name Chandra, Prasanna
245 #0 - TITLE STATEMENT
Title Financial management : Theory and practice
250 ## - EDITION STATEMENT
Edition statement Ed.5
260 ## - PUBLICATION, DISTRIBUTION, ETC. (IMPRINT)
Place of publication New Delhi
Name of publisher Tata McGraw-Hill Publishiing
Year of publication 2001
942 ## - ADDED ENTRY ELEMENTS (KOHA)
Koha item type Books
Holdings
Withdrawn status Lost status Damaged status Not for loan Home library Current library Date acquired Cost, normal purchase price Full call number Accession Number Koha item type
        RRII Library RRII Library 16/12/2021 350.00 658.15 CHA 22148 Books